<?xml version="1.0" encoding="UTF-8"?>
<record
    xmlns:xsi="http://www.w3.org/2001/XMLSchema-instance"
    xsi:schemaLocation="http://www.loc.gov/MARC21/slim http://www.loc.gov/standards/marcxml/schema/MARC21slim.xsd"
    xmlns="http://www.loc.gov/MARC21/slim">

  <leader>00557nam a2200217   4500</leader>
  <controlfield tag="001">45546</controlfield>
  <datafield tag="010" ind1=" " ind2=" ">
    <subfield code="a">9789896333669</subfield>
  </datafield>
  <datafield tag="021" ind1=" " ind2=" ">
    <subfield code="b">309478/10</subfield>
  </datafield>
  <datafield tag="090" ind1=" " ind2=" ">
    <subfield code="a">45546</subfield>
  </datafield>
  <datafield tag="100" ind1=" " ind2=" ">
    <subfield code="a">20130724d2010    cd y0pory50030103ba</subfield>
  </datafield>
  <datafield tag="101" ind1="1" ind2=" ">
    <subfield code="a">por</subfield>
  </datafield>
  <datafield tag="102" ind1=" " ind2=" ">
    <subfield code="a">PT</subfield>
  </datafield>
  <datafield tag="200" ind1="1" ind2=" ">
    <subfield code="a">O mundo &#xE0; nossa volta</subfield>
    <subfield code="e">livro que fala</subfield>
    <subfield code="f">Julia Gasteva</subfield>
    <subfield code="g">trad. e adapt. Isarey</subfield>
  </datafield>
  <datafield tag="210" ind1=" " ind2="9">
    <subfield code="a">Sintra</subfield>
    <subfield code="c">Girassol,</subfield>
    <subfield code="d">D.L. 2010</subfield>
  </datafield>
  <datafield tag="215" ind1=" " ind2=" ">
    <subfield code="a"> [16] p.</subfield>
    <subfield code="c">il.</subfield>
    <subfield code="d">30 cm</subfield>
  </datafield>
  <datafield tag="225" ind1=" " ind2=" ">
    <subfield code="a">Livro que fala</subfield>
  </datafield>
  <datafield tag="327" ind1="1" ind2=" ">
    <subfield code="a">Cont&#xE9;m 30 sons</subfield>
  </datafield>
  <datafield tag="675" ind1=" " ind2=" ">
    <subfield code="a">087.5</subfield>
    <subfield code="v">BN</subfield>
    <subfield code="z">por</subfield>
  </datafield>
  <datafield tag="712" ind1="0" ind2="2">
    <subfield code="a">Isarey</subfield>
  </datafield>
  <datafield tag="801" ind1=" " ind2="0">
    <subfield code="a">PT</subfield>
    <subfield code="b">BN</subfield>
    <subfield code="g">RPC</subfield>
  </datafield>
  <datafield tag="990" ind1=" " ind2=" ">
    <subfield code="c">LIVROS</subfield>
  </datafield>
  <datafield tag="995" ind1=" " ind2=" ">
    <subfield code="1">0</subfield>
    <subfield code="9">76564</subfield>
    <subfield code="b">BCLR</subfield>
    <subfield code="c">BCLR</subfield>
    <subfield code="f">056242</subfield>
    <subfield code="k">087.5 GAS</subfield>
    <subfield code="o">0</subfield>
    <subfield code="r">LIVROS</subfield>
  </datafield>
</record>
